Poesías de Geronimo Sanz / (Record no. 164768)
[ view plain ]
| 000 -LEADER | |
|---|---|
| campo de control de longitud fija | 00653nam a2200169 i 4500 |
| 001 - NÚMERO DE CONTROL | |
| campo de control | 164768 |
| 003 - IDENTIFICADOR DE NÚMERO DE CONTROL | |
| campo de control | ES-MaACL |
| 005 - FECHA Y HORA DE LA ÚLTIMA TRANSACCIÓN | |
| campo de control | 20230906213011.0 |
| 008 - DATOS DE LONGITUD FIJA--INFORMACIÓN GENERAL | |
| campo de control de longitud fija | 010525s1881 cu |||| | spa d |
| 040 ## - FUENTE DE CATALOGACIÓN | |
| Centro catalogador/agencia de origen | CCPB | B |
| Lengua de catalogación | spa |
| Centro/agencia transcriptor | CCPB | B |
| 100 1# - ENTRADA PRINCIPAL--NOMBRE DE PERSONA | |
| Nombre de persona | Sanz, Gerónimo. |
| 9 (RLIN) | 132466 |
| 245 10 - MENCIÓN DEL TÍTULO | |
| Título | Poesías de Geronimo Sanz / |
| Mención de responsabilidad, etc. | precedidas de una carta prólogo de Rafael M. de Mendive. |
| 260 ## - PUBLICACIÓN, DISTRIBUCIÓN, ETC. | |
| Lugar de publicación, distribución, etc. | Habana : |
| Nombre del editor, distribuidor, etc. | [s.n.], |
| Fecha de publicación, distribución, etc. | 1881 ( |
| Fabricante | imprenta militar de la viuda de Soler) |
| 300 ## - DESCRIPCIÓN FÍSICA | |
| Extensión | VIII, 158, [2] p. ; |
| Dimensiones | 19 cm. |
| 700 1# - ENTRADA AGREGADA--NOMBRE PERSONAL | |
| Nombre de persona | Mendive, Rafael M. de. |
| 9 (RLIN) | 129825 |
| 852 ## - LOCALIZACIÓN | |
| Ubicación | ES-MaACL |
| Número de control de estantería | T-767-F-5 |
| Nota libre | -- Enc. hol., conservando la cub. original |
| -- | -- Enc. en un vol. facticio |
| Estatus retirado | Estado de pérdida | Estado de daño | No para préstamo | Colección | Biblioteca de origen | Biblioteca actual | Ubicación en estantería | Fecha de adquisición | Total de préstamos | Signatura topográfica completa | Código de barras | Visto por última vez | Precio de reemplazo | Tipo de ítem Koha |
|---|---|---|---|---|---|---|---|---|---|---|---|---|---|---|
| Colección de folletos | Biblioteca del Ateneo de Madrid | Biblioteca del Ateneo de Madrid | Depósito folletos | 17/01/2008 | T-767-F-5 | 1172723 | 23/02/2023 | 23/02/2023 | Folleto |
